| 000 | 00691nam a2200253Ia 4500 | ||
|---|---|---|---|
| 001 | dia_1369 | ||
| 003 | CHAP | ||
| 005 | 20230131104605.0 | ||
| 008 | 220117s1993 xx 000 0 und d | ||
| 010 | _a171915 | ||
| 040 | _cCHAP | ||
| 082 | _a581.1 A9 | ||
| 100 |
_aAzcon-Bieto, J. _9150615 |
||
| 245 |
_aFisiología y Bioquímica Vegetal / _c por J. Azcón Bieto |
||
| 260 |
_aNew york, Mcgraw-Hill _c1993 |
||
| 300 | _a581 p. | ||
| 500 | _aI. 189105-6 | ||
| 650 |
_aBioquímica vegetal _9144648 |
||
| 650 |
_aFisiología vegetal. _941136 |
||
| 901 | _a581.1 A9 | ||
| 902 | _aM | ||
| 905 | _a0000001993 NEW 0000000000ESP00 | ||
| 942 |
_cLIBRO _2ddc |
||
| 999 |
_c171915 _d171915 |
||